000 00453nam a22001817a 4500
999 _c258457
_d258456
003 OSt
005 20200615143140.0
008 200615b xxu||||| |||| 00| 0 eng d
020 _a9966984100
040 _cn/a
050 _aQH308
_b.M8345 2006
100 _aMuchiri,Peter M.
245 _aPrinciples of Biology forms 3 and 4
250 _avol.2
260 _aNairobi,Kenya
_bPezi Publishers
_c2006
300 _aviii;334p
_bill.
942 _2lcc
_cBK